00286nam a2200109Ia 4500008004100000041000800041082002300049100002000072245002300092260005300115300000800168230411s9999 xx 000 0 und d aeng aN/613.2/PAS/B04852 aPasricha Swaran aCount What You Eat bNational Institute Of NutritionaHyderabadc1997 a79p